000
00296nam a22001337a 4500
008
181105b xxu||||| |||| 00| 0 eng d
020
_a
9781878787170
041
_a
eng
080
_a
371
100
_a
46
101
_a
EDU
245
_a
Career Choices and Changes
_c
Bingham,M
942
_2
udc
_c
BK
999
_c
51799
_d
51799